Statistics for Game of Thrones Micro-Knowledge

Click here to take the quiz!

General Stats

  • This quiz has been taken 411 times
  • The average score is 11 of 15

Answer Stats

QuestionsAnswers% Correct
Which Direwolf Died First?Lady
97%
Who survived being hit by arrows, fighting a Thenn and a Caesar like assassination?Jon Snow
84%
Who is Tywin Lannister's Brother?Kevan Lannister
81%
Which House rides to the aid of the Starks, causing the ignominious demise of Ramsay Bolton?House Arryn
79%
What is the Sigil of House Martell?Sun pierced by Spear
78%
Where is the Seat of House Tully?Riverrun
75%
Who resurrected Beric Dondarrion?Thoros of Myr
73%
What is a girl's name?Arya Stark
72%
What is the motto of House Greyjoy?We Do Not Sow
71%
To Which Greater House do House Tarly pledge allegiance to ?House Tyrell
68%
Which House betrayed the Starks and sided with the Boltons?House Umber
65%
While "wargging", who does Bran Stark see his father fighting?Arthur Dayne
57%
Which Night's Watch member held the gate?Grenn
56%
Who did Robb Stark Behead?Rickard Karstark
56%
How many men does Lyanna Mormont dispatch for the Stark army?62
47%

Score Distribution

Percentile by Number Answered

Percent of People with Each Score

Your Score History

You have not taken this quiz